[Event "Vega de San Mateo op 2nd"]
[Site "Vega de San Mateo"]
[Date "2024.12.05"]
[Round "7"]
[White "Simion, Edward Matei"]
[Black "Gauche, Eduardo"]
[Result "0-1"]
[WhiteElo "1698"]
[BlackElo "1956"]
[PlyCount "86"]
[EventDate "2024.11.30"]
[EventType "swiss"]
[EventRounds "9"]
[EventCountry "ESP"]
[SourceTitle "CB50_2024"]
[SourceDate "2024.11.01"]
[SourceVersion "1"]
[SourceVersionDate "2024.11.01"]
[SourceQuality "2"]

1. Nf3 Nf6 2. e3 g6 3. b3 Bg7 4. Bb2 0-0 5. Be2 d5 6. d4 c5 7. c4 cxd4 8. exd4 Nc6 9. 0-0 b6 10. Nc3 Bb7 11. a3 Rc8 12. Re1 dxc4 13. bxc4 Na5 14. Nd2 Qxd4 15. Rb1 Qh4 16. Bc1 Rfd8 17. Rb4 Nc6 18. Ra4 Qd4 19. Nb5 Qf4 20. Qc2 Qb8 21. Bb2 a6 22. Nc3 Nd4 23. Qd1 Qf4 24. Bc1 Nxe2+ 25. Qxe2 Qd4 26. Nd1 Ne4 27. Nxe4 Bxe4 28. Be3 Qf6 29. Bxb6 Bd3 30. Qe3 Rd6 31. c5 Re6 32. Qd2 Bb5 33. Rxe6 Qxe6 34. Ra5 Qe4 35. Ne3 Bc3 36. Qd5 Qb1+ 37. Qd1 Qxd1+ 38. Nxd1 Bxa5 39. Bxa5 Rxc5 40. Nc3 Bc6 41. Bb4 Re5 42. h3 a5 43. f4 axb4 0-1

[Event "Vega de San Mateo op 2nd"]
[Site "Vega de San Mateo"]
[Date "2024.12.03"]
[Round "5"]
[White "Simion, Edward Matei"]
[Black "Barlov, Dragan"]
[Result "0-1"]
[WhiteElo "1698"]
[BlackElo "2381"]
[PlyCount "58"]
[EventDate "2024.11.30"]
[EventType "swiss"]
[EventRounds "9"]
[EventCountry "ESP"]
[SourceTitle "CB50_2024"]
[SourceDate "2024.11.01"]
[SourceVersion "1"]
[SourceVersionDate "2024.11.01"]
[SourceQuality "2"]

1. e4 d6 2. d4 Nf6 3. Nc3 c6 4. f4 Qa5 5. Bd2 e5 6. fxe5 dxe5 7. dxe5 Qxe5 8. Nf3 Qc7 9. Bc4 Bg4 10. Qe2 Nbd7 11. 0-0-0 Ne5 12. Bb3 Bd6 13. h3 Bh5 14. g4 Bg6 15. g5 Bh5 16. gxf6 Bxf3 17. fxg7 Rg8 18. Qe3 Bxh1 19. Rxh1 Rxg7 20. Qh6 Rg6 21. Qxh7 0-0-0 22. Rf1 Qb6 23. Na4 Qa6 24. Re1 Rf6 25. Nc3 Rf1 26. Rxf1 Qxf1+ 27. Nd1 Nf3 28. Be3 Bf4 29. Qf5+ Rd7 0-1

[Event "ESP-ch U12"]
[Site "Salobrena"]
[Date "2024.07.12"]
[Round "7"]
[White "Simion, Edward Matei"]
[Black "Martinez Mateos, Saul"]
[Result "1/2-1/2"]
[WhiteElo "1626"]
[BlackElo "1769"]
[PlyCount "62"]
[EventDate "2024.07.08"]
[EventType "swiss"]
[EventRounds "9"]
[EventCountry "ESP"]
[SourceTitle "EXT 2025"]
[Source "ChessBase"]
[SourceDate "2024.10.14"]
[SourceVersion "1"]
[SourceVersionDate "2024.10.14"]
[SourceQuality "1"]

1. e4 c5 2. Be2 a6 3. f4 Nc6 4. Nf3 d5 5. d3 e6 6. 0-0 Bd6 7. Qe1 Qc7 8. e5 Bf8 9. c3 Bd7 10. a3 a5 11. d4 a4 12. Be3 b6 13. Qf2 Na5 14. Nbd2 c4 15. Nh4 Be7 16. Qg3 g6 17. Nhf3 Nh6 18. Nh4 0-0-0 19. Nhf3 Nf5 20. Qf2 Rdf8 21. h3 h5 22. Bd1 h4 23. Kh2 Qd8 24. Qe1 b5 25. Bf2 Rfg8 26. Bc2 Rg7 27. Rg1 Nc6 28. Nf1 Rgh7 29. Ne3 Rh5 30. Bd1 R5h7 31. Rc1 Kb8 1/2-1/2

[Event "ESP-ch U10"]
[Site "Salobrena"]
[Date "2023.07.05"]
[Round "4"]
[White "Simion, Edward Matei"]
[Black "Regadera Tellez, Pablo"]
[Result "1/2-1/2"]
[WhiteElo "1121"]
[BlackElo "1279"]
[PlyCount "162"]
[EventDate "2023.07.03"]
[EventType "swiss"]
[EventRounds "9"]
[EventCountry "ESP"]
[SourceTitle "EXT 2024"]
[Source "ChessBase"]
[SourceDate "2023.10.10"]
[SourceVersion "1"]
[SourceVersionDate "2023.10.10"]
[SourceQuality "1"]

1. e4 c5 2. Nf3 d6 3. Bb5+ Bd7 4. Bxd7+ Nxd7 5. 0-0 Ngf6 6. Qe2 g6 7. c3 Bg7 8. d4 0-0 9. e5 dxe5 10. dxe5 Nd5 11. Rd1 e6 12. a4 Qc7 13. c4 Nb4 14. Bf4 Rad8 15. Bg5 Rc8 16. Be7 Rfe8 17. Bd6 Qc6 18. Nc3 a6 19. a5 Rcd8 20. h3 f5 21. exf6 Bxf6 22. Ne4 Bxb2 23. Qxb2 Qxe4 24. Bc7 Nd3 25. Qb1 Rc8 26. Bg3 Nf6 27. Qxd3 Qc6 28. Ne5 Qc7 29. Nxg6 Qg7 30. Nf4 Rcd8 31. Qe3 Rxd1+ 32. Rxd1 Qg5 33. Nd5 Qxe3 34. Nxf6+ Kf7 35. fxe3 Kxf6 36. Rf1+ Kg5 37. Rf4 e5 38. Rg4+ Kf5 39. e4+ Kf6 40. Bh4+ Ke6 41. Rg7 Rf8 42. Rxh7 Rf4 43. Rh6+ Kf7 44. Rh7+ Kg6 45. Rxb7 Rxh4 46. Rb6+ Kg5 47. Rxa6 Rxe4 48. Rd6 Rxc4 49. a6 Ra4 50. Rd5 Kf5 51. Rxc5 Rxa6 52. g4+ Kf4 53. Rc4+ e4 54. g5 Rg6 55. h4 Kf3 56. Kf1 e3 57. Rc5 e2+ 58. Ke1 Rd6 59. Rc3+ Kg4 60. Rc4+ Kh5 61. Kxe2 Re6+ 62. Kd3 Re5 63. Kd4 Re1 64. Kd5 Rd1+ 65. Rd4 Rh1 66. Ke5 Rf1 67. Rf4 Rg1 68. Ke4 Re1+ 69. Kf3 Rf1+ 70. Kg3 Ra1 71. Rf3 Rg1+ 72. Kh2 Rg4 73. Rh3 Ra4 74. Rg3 Ra2+ 75. Kh3 Ra6 76. Kg2 Kxh4 77. Rh3+ Kxg5 78. Rg3+ Kf4 79. Rf3+ Ke4 80. Rf2 Rg6+ 81. Kh3 Ke5 1/2-1/2

[Event "Santa Cruz Christmas op 32nd"]
[Site "Santa Cruz"]
[Date "2022.12.27"]
[Round "7"]
[White "Simion, Edward Matei"]
[Black "Rodriguez Garcia, Joel I"]
[Result "0-1"]
[WhiteElo "1006"]
[BlackElo "1324"]
[PlyCount "130"]
[EventDate "2022.12.15"]
[EventType "swiss"]
[EventRounds "9"]
[EventCountry "ESP"]
[SourceTitle "EXT 2024"]
[Source "ChessBase"]
[SourceDate "2023.10.10"]
[SourceVersion "1"]
[SourceVersionDate "2023.10.10"]
[SourceQuality "1"]

1. Nf3 d5 2. g3 Nf6 3. Bg2 e6 4. d3 Be7 5. 0-0 0-0 6. Nbd2 Nbd7 7. d4 c5 8. c3 b6 9. Qc2 Bb7 10. Re1 Rc8 11. Qb1 Qc7 12. e4 dxe4 13. Ng5 e3 14. Rxe3 Bxg2 15. Kxg2 Qc6+ 16. Kg1 h6 17. Nge4 Ng4 18. Re1 cxd4 19. cxd4 Qd5 20. h3 Ngf6 21. Nb3 Rc7 22. Nc3 Qc6 23. Bf4 Rcc8 24. Qd3 Bb4 25. Rac1 Qb7 26. Nb5 Bxe1 27. Nd6 Bxf2+ 28. Kxf2 Qa8 29. Rxc8 Rxc8 30. Nxc8 Qxc8 31. Be5 Qc6 32. Qf3 Qc2+ 33. Qe2 Ne4+ 34. Kf3 Nxe5+ 35. dxe5 Qxe2+ 36. Kxe2 Nxg3+ 37. Kf3 Nf5 38. Nd2 Nd4+ 39. Kf2 f5 40. exf6 gxf6 41. Ne4 Kg7 42. Nd6 Kg6 43. h4 f5 44. Ke3 e5 45. Nc4 Kf6 46. h5 Nc6 47. Nd6 Kg5 48. Nc8 Kxh5 49. a3 Kg4 50. b4 f4+ 51. Kf2 e4 52. b5 e3+ 53. Kg2 f3+ 54. Kf1 e2+ 55. Ke1 Ne5 56. Nxa7 Nd3+ 57. Kd2 e1Q+ 58. Kxd3 f2 59. Kd4 f1Q 60. a4 Qf6+ 61. Kd5 Qee5+ 62. Kc4 Qff4+ 63. Kb3 Qee3+ 64. Kc2 Qff2+ 65. Kd1 Qee1# 0-1

[Event "ROM-ch U08"]
[Site "Calimanesti Caciulata"]
[Date "2019.04.17"]
[Round "3"]
[White "Simion, Edward Matei"]
[Black "Minescu, Leon"]
[Result "0-1"]
[WhiteElo "1019"]
[BlackElo "1001"]
[PlyCount "80"]
[EventDate "2019.04.15"]
[EventType "swiss"]
[EventRounds "9"]
[EventCountry "ROU"]
[SourceTitle "CBM 190 Extra"]
[Source "ChessBase"]
[SourceDate "2019.07.15"]
[SourceVersion "1"]
[SourceVersionDate "2019.07.15"]
[SourceQuality "1"]

1. e4 c5 2. Bc4 Nc6 3. Nf3 e6 4. d3 Nf6 5. Be3 Qb6 6. Nc3 Qxb2 7. Ne2 b6 8. Qb1 Qxb1+ 9. Rxb1 Bb7 10. 0-0 g6 11. Bg5 Bg7 12. e5 Nd5 13. Rb3 Nxe5 14. Nxe5 Bxe5 15. Re1 Nb4 16. Nc1 Nxc2 17. Rxe5 0-0 18. Be7 Rfe8 19. Bf6 Nd4 20. Rc3 d6 21. Re3 d5 22. Bb3 Nxb3 23. axb3 d4 24. Rxe6 Rxe6 25. Rc2 Rxf6 26. Ne2 Re8 27. h3 Rfe6 28. Kf1 Kg7 29. g3 Kf6 30. f4 g5 31. fxg5+ Kxg5 32. h4+ Kg4 33. Kf2 Bf3 34. Nc1 h5 35. b4 cxb4 36. Rd2 Re1 37. Nb3 R1e2+ 38. Rxe2 Rxe2+ 39. Kg1 Re1+ 40. Kh2 Rh1# 0-1